[Event "Moscow ol (Men)"]
[Site "Moscow"]
[Date "1994.??.??"]
[Round "10"]
[White "Markowski, Tomasz"]
[Black "Roselli Mailhe, Bernardo"]
[Result "1/2-1/2"]
[WhiteElo "2475"]
[BlackElo "2425"]
[PlyCount "93"]
[EventDate "1994.11.??"]
[Source "ChessBase"]

1. c4 e5 2. g3 Nc6 3. Bg2 g6 4. Nc3 Bg7 5. d3 d6 6. e4 Be6 7. Nge2 Qc8 8. Be3 Nf6 9. h3 O-O 10. Qd2 Ne8 11. Nd5 Qd7 12. f4 Nd4 13. Nxd4 exd4 14. Bf2 c6 15. Nb4 f5 16. exf5 Bxf5 17. O-O-O h5 18. Rde1 Nc7 19. Be4 d5 20. cxd5 c5 21. Nc2 Nxd5 22. Bxf5 Qxf5 23. Re4 Rae8 24. Rhe1 Nf6 25. Re5 Rxe5 26. Rxe5 Qxh3 27. Rxc5 Ng4 28. Bxd4 Bxd4 29. Nxd4 Qxg3 30. Ne2 Qf2 31. b4 Re8 32. Nc3 Re1+ 33. Nd1 Qxd2+ 34. Kxd2 Rf1 35. Rc8+ Kg7 36. Rc7+ Kh6 37. Rxb7 h4 38. Rb8 h3 39. Rh8+ Kg7 40. Rxh3 Rxd1+ 41. Kxd1 Nf2+ 42. Ke2 Nxh3 43. Kf3 Kf6 44. Kg3 Ng1 45. Kf2 Nh3+ 46. Kg3 Ng1 47. Kf2 1/2-1/2

[Event "Cappelle op"]
[Site "Cappelle la Grande "]
[Date "1996.??.??"]
[Round "3"]
[White "Sher, Miron N"]
[Black "Riemersma, Liafbern"]
[Result "1/2-1/2"]
[WhiteElo "2500"]
[BlackElo "2390"]
[PlyCount "37"]
[EventDate "1996.02.??"]
[Source "ChessBase"]

1. c4 e5 2. g3 Nc6 3. Bg2 g6 4. Nc3 Bg7 5. e4 d6 6. d3 Nge7 7. Nge2 O-O 8. O-O Nd4 9. Nxd4 exd4 10. Ne2 c6 11. Rb1 a6 12. b3 b5 13. Qc2 c5 14. a4 Nc6 15. Bd2 bxc4 16. bxc4 Ra7 17. Nf4 a5 18. h4 Nb4 19. Qd1 1/2-1/2

[Event "Tel Aviv"]
[Site "Tel Aviv"]
[Date "1991.??.??"]
[Round "1"]
[White "Soffer, Ram"]
[Black "Manor, Ilan"]
[Result "1-0"]
[WhiteElo "2445"]
[BlackElo "2445"]
[PlyCount "87"]
[EventDate "1991.07.??"]
[Source "ChessBase"]

1. c4 e5 2. Nc3 Nc6 3. g3 g6 4. Bg2 Bg7 5. e4 d6 6. d3 f5 7. Nge2 Nh6 8. h4 O-O 9. Bg5 Qe8 10. Nd5 Qf7 11. f3 Kh8 12. Qd2 Ng8 13. Be3 Be6 14. O-O-O Nf6 15. Bh3 Rae8 16. Nxf6 Bxf6 17. h5 fxe4 18. Bxe6 Rxe6 19. hxg6 Qxg6 20. Rh6 Qg8 21. fxe4 Be7 22. Rh5 Qg4 23. Rdh1 Rf7 24. Nc3 Qxg3 25. Nd5 Bd8 26. Rg1 Qf3 27. Qh2 Nb4 28. Kd2 Nxd5 29. cxd5 Re8 30. Rh3 Qf6 31. Rhg3 c6 32. Qg2 Rff8 33. Rg7 Qh4 34. Rxb7 Rg8 35. Rg7 Rgf8 36. Rxa7 Rg8 37. Rg7 Rgf8 38. Rh1 Qxh1 39. Qxh1 Kxg7 40. Bh6+ Kg6 41. Bxf8 Rxf8 42. dxc6 Bg5+ 43. Ke2 Re8 44. b3 1-0

[Event "tt"]
[Site "?"]
[Date "1997.??.??"]
[Round "8"]
[White "Horvath Csaba"]
[Black "Izsak Gyula"]
[Result "1/2-1/2"]
[WhiteElo "2485"]
[BlackElo "2400"]
[PlyCount "81"]
[EventDate "1997.??.??"]
[Source "www.chesslib.no"]
[SourceDate "2004.05.04"]

1. c4 e5 2. Nc3 Nc6 3. g3 g6 4. Bg2 Bg7 5. d3 d6 6. e4 Nge7 7. Nge2 Bd7 8. O-O O-O 9. Rb1 Qc8 10. Nd5 Nxd5 11. cxd5 Ne7 12. Bg5 Re8 13. d4 f6 14. Be3 f5 15. dxe5 Bxe5 16. Nd4 fxe4 17. Bxe4 Nf5 18. Nxf5 Bxf5 19. Bxf5 Qxf5 20. Qb3 b6 21. Rfc1 Re7 22. Qc2 Qf3 23. Qd1 Qf5 24. Rc4 Rf8 25. b4 Bg7 26. Rf4 Qd7 27. Rxf8+ Kxf8 28. b5 Re5 29. Bd4 Rf5 30. Qd3 Qf7 31. Rd1 Kg8 32. Bxg7 Qxg7 33. Kg2 Qf7 34. Qd4 Re5 35. Rd2 Qe7 36. Qg4 Kg7 37. Qc4 Qf7 38. f4 Re7 39. Kf2 Kg8 40. Rc2 Qf6 41. Kg2 1/2-1/2

[Event "Merida"]
[Site "Merida MEX"]
[Date "1993.??.??"]
[Round "11"]
[White "Sunye Neto, Jaime"]
[Black "Rios Parra, Alejandro"]
[Result "1-0"]
[WhiteElo "2545"]
[BlackElo "2335"]
[PlyCount "105"]
[EventDate "1993.05.??"]
[Source "www.chesslib.no"]
[SourceDate "2004.05.04"]

1. c4 g6 2. g3 Bg7 3. Bg2 e5 4. e4 Nc6 5. d3 d6 6. Nc3 Be6 7. Nge2 Qd7 8. Nd5 h5 9. h3 f5 10. Bg5 Nd8 11. exf5 gxf5 12. Qd2 c6 13. Ndc3 Nf7 14. Be3 h4 15. O-O-O Ne7 16. Kb1 c5 17. f4 hxg3 18. Nxg3 O-O-O 19. Bf3 exf4 20. Bxf4 Be5 21. Nh5 Nc6 22. Rdg1 Bd4 23. Rf1 Nfe5 24. Bd1 Qf7 25. Ng3 Nb4 26. Nb5 Nexd3 27. Nxd4 cxd4 28. b3 Nxf4 29. Rxf4 Qg6 30. Ne2 Nc6 31. Nxd4 Nxd4 32. Qxd4 Kb8 33. Bf3 Rhg8 34. h4 Qf7 35. h5 Qc7 36. Re1 Bc8 37. a4 Rg3 38. Rd1 Rh3 39. Kb2 Rh2+ 40. Rd2 Rxd2+ 41. Qxd2 Qg7+ 42. Rd4 Qe5 43. Ka2 Rg8 44. Rxd6 Rg3 45. Rd5 Qc7 46. Rd3 Rh3 47. Qe3 a6 48. Qd4 Qh2+ 49. Ka3 Qc2 50. Qf4+ Ka7 51. Qe3+ Kb8 52. Rd8 Rxf3 53. Qe5+ 1-0

[Event "GEO olympiad select"]
[Site "?"]
[Date "2001.09.23"]
[Round "?"]
[White "Izoria Zviad"]
[Black "Gagunashvili Merab"]
[Result "1/2-1/2"]
[WhiteElo "2466"]
[BlackElo "2405"]
[PlyCount "114"]
[EventDate "2001.??.??"]
[Source "www.chesslib.no"]
[SourceDate "2004.05.04"]

1. c4 e5 2. g3 Nc6 3. Bg2 g6 4. Nc3 Bg7 5. d3 d6 6. e4 f5 7. Nge2 Nh6 8. O-O O-O 9. Nd5 a5 10. h3 g5 11. exf5 Nxf5 12. Rb1 Be6 13. a3 Ncd4 14. b4 axb4 15. axb4 c6 16. Ne3 h6 17. Nxf5 Nxf5 18. b5 Qd7 19. bxc6 bxc6 20. Rb6 Ne7 21. Qb3 Rf7 22. g4 d5 23. Ba3 e4 24. Ng3 Be5 25. Bxe7 Bxg3 26. Bc5 Bc7 27. Rb4 h5 28. cxd5 Bxd5 29. Qc3 hxg4 30. dxe4 gxh3 31. Bxh3 Be6 32. Rd4 Qc8 33. Bg2 Qb8 34. Rfd1 Ra2 35. Rb4 Bh2+ 36. Kh1 Qc7 37. Rb7 Qxb7 38. Rd8+ Kh7 39. Qh8+ Kg6 40. Qg8+ Kh5 41. Kxh2 Rf6 42. Bf3+ g4 43. Qh8+ Rh6 44. Qe5+ Kg6+ 45. Kg1 Ra1+ 46. Bd1 Rxd1+ 47. Rxd1 Qb3 48. Qd6 Rh7 49. Ra1 Qc4 50. Qxc6 Rh5 51. e5 g3 52. fxg3 Rh3 53. Qe8+ Bf7 54. Qe7 Kh5 55. Bf2 Bg6 56. Qd7 Qg4 57. Qxg4+ Kxg4 1/2-1/2

[Event "WJun"]
[Site "?"]
[Date "2005.11.21"]
[Round "12"]
[White "Glud Jacob Vang"]
[Black "Mamedov Nidjat"]
[Result "1/2-1/2"]
[WhiteElo "2349"]
[BlackElo "2517"]
[PlyCount "62"]
[EventDate "2005.??.??"]
[Source "www.chesslib.no"]
[SourceDate "2004.05.04"]

1. c4 g6 2. g3 Bg7 3. Bg2 d6 4. Nc3 Nc6 5. d3 e5 6. e4 Nge7 7. Nge2 O-O 8. O-O a6 9. Nd5 f5 10. Be3 h6 11. Qd2 Kh7 12. Rac1 Be6 13. Nxe7 Qxe7 14. exf5 Bxf5 15. d4 Qd7 16. d5 Ne7 17. f3 Bh3 18. Nc3 Bxg2 19. Kxg2 Nf5 20. Ne4 b6 21. b3 a5 22. a3 Ne7 23. Qd3 Ng8 24. Rc2 Nf6 25. a4 Rf7 26. Rcf2 Raf8 27. Nxf6+ Rxf6 28. Qe4 h5 29. h3 Bh6 30. Bxh6 Kxh6 31. f4 exf4 1/2-1/2